|
|
|
|
| LEADER |
01645nam a2200349 a 4500 |
| 001 |
2068588 |
| 008 |
1001031r20031995enkab b 001 0 eng d |
| 999 |
|
|
|c 7267
|d 7267
|
| 010 |
|
|
|a 94017829
|
| 020 |
|
|
|a 0415096219 (hbk.)
|
| 020 |
|
|
|a 0415096227 (pbk.)
|
| 040 |
|
|
|a DLC
|c DLC
|d DLC
|d DB-DhAAL
|
| 082 |
0 |
0 |
|a 820.9358
|2 20
|
| 245 |
0 |
4 |
|a The post-colonial studies reader /
|c edited by Bill Ashcroft, Gareth Griffiths, and Helen Tiffin.
|
| 260 |
|
|
|a London ;
|a New York :
|b Routledge,
|c 2003.[reprinted]
|
| 300 |
|
|
|a xvii, 526 p. :
|b ill., map ;
|c 26 cm.
|
| 504 |
|
|
|a Includes bibliographical references (p. 491-513) and index.
|
| 541 |
1 |
|
|e 00014222
|
| 650 |
|
0 |
|a Commonwealth literature (English)
|x History and criticism.
|9 32774
|
| 650 |
|
0 |
|a English literature
|z Developing countries
|x History and criticism.
|9 32775
|
| 650 |
|
0 |
|a Postcolonialism
|z Commonwealth countries.
|9 32776
|
| 650 |
|
0 |
|a Postcolonialism in literature.
|9 32777
|
| 650 |
|
0 |
|a Decolonization in literature.
|9 32778
|
| 650 |
|
0 |
|a Imperialism in literature.
|9 32779
|
| 650 |
|
0 |
|a Colonies in literature.
|9 32780
|
| 700 |
1 |
|
|a Ashcroft, Bill,
|d 1946-
|9 32781
|
| 700 |
1 |
|
|a Griffiths, Gareth,
|d 1943-
|9 32782
|
| 700 |
1 |
|
|a Tiffin, Helen.
|9 32783
|
| 852 |
4 |
|
|a Ayesha Abed Library
|j General Shelf.
|
| 942 |
0 |
0 |
|0 2
|2 ddc
|c BK
|
| 952 |
|
|
|0 0
|1 0
|2 ddc
|4 0
|6 820_935800000000000_POS_2003
|7 0
|9 7616
|a BRACUL
|b SCL
|c GEN
|d 2010-01-31
|l 10
|m 47
|o 820.9358 POS
|p 3010014222
|q 2026-06-08
|r 2025-06-18
|s 2025-06-18
|t 1
|w 2010-01-31
|y BK
|
| 952 |
|
|
|0 0
|1 0
|2 ddc
|4 0
|6 820_935800000000000_POS
|7 0
|9 7622
|a BRACUL
|b BRACUL
|c GEN
|d 2010-01-31
|g 4500.00
|l 19
|m 48
|o 820.9358 POS
|p 3010013065
|r 2026-05-10
|s 2026-05-06
|t 2
|w 2010-01-31
|y BK
|